00531nam a2200133Ia 4500008004100000100003200041245006900073260006900142300001100211650001500222856006800237999001900305952007300324160712s9999 xx 000 0 und d aTorrevillas, Rowena Tiempo. cRowena Tiempo TorrevillasaButterfly Sleep and Other Feuilletons c2012bLikhaan: The Journal of Contemporary Philippine Literature avol. 6 xNONFICTION uhttp://journals.upd.edu.ph/index.php/lik/issue/view/536/showToc c297459d297459 001040aCLbCLd2016-07-12l0r2016-07-12 00:00:00w2016-07-12yFEJ